000 01243nam#a2200349 a 4500
001 52052
003 FlNmELB
005 20241216232348.0
006 m o d |
007 cr cn|||||||||
008 201106r2010 es |||||s|||||||||||spa d
035 _a(MiAaPQ)EBC3189516
035 _a(Au-PeEL)EBL3189516
035 _a(CaPaEBR)ebr10390733
035 _a(OCoLC)929284568
040 _aFlNmELB
_bspa
_cFlNmELB
050 4 _aPH1
_bM535 2010
082 0 4 _a800
_222
100 1 _aMenassa, Miguel Oscar.
245 1 0 _aPoemas y cartas a mi amante loca joven poeta psicoanalista
_h[recurso electronico] /
_cMiguel Oscar Menassa.
250 _a[2a ed.].
260 _aMadrid (España) :
_bEditorial Grupo Cero,
_c2010.
300 _a116 p.
533 _aRecurso electrónico. Santa Fe, Arg.: e-libro, 2015. Disponible vía World Wide Web. El acceso puede estar limitado para las bibliotecas afiliadas a e-libro.
650 4 _aCrítica literaria.
_xGeneral.
650 4 _aLiterary criticism.
_xGeneral.
650 4 _aCrítica literaria.
_xPoesía.
650 4 _aLiterary criticism.
_xPoetry.
655 4 _aLibros electrónicos.
710 2 _ae-libro, Corp.
856 4 0 _uhttps://elibro.net/ereader/politecnicointernacional/55372
999 _c52052
_d52052